| 000 | 00398nam a2200121Ia 4500 | ||
|---|---|---|---|
| 008 | 220512s9999 xx 000 0 eng d | ||
| 100 | _aDeb, Ashis Taru | ||
| 245 | 0 |
_aBuisness Group Ownership of Banks: Issues and Implications / _cDeb, Ashis Taru |
|
| 260 |
_aDelhi : _bInstitute of Economic Growth, University of Delhi, _cJul-05 |
||
| 500 | _aWorking Paper No 308 | ||
| 546 | _aEnglish | ||
| 942 | _cPR | ||
| 999 |
_c36577 _d36577 |
||